Improve every lesson plan with SEL/ (Record no. 364698)
[ view plain ]
| 000 -LEADER | |
|---|---|
| fixed length control field | 00673nam a22002177a 4500 |
| 003 - CONTROL NUMBER IDENTIFIER | |
| control field | 1 |
| 005 - DATE AND TIME OF LATEST TRANSACTION | |
| control field | 20220302131051.0 |
| 008 - FIXED-LENGTH DATA ELEMENTS--GENERAL INFORMATION | |
| fixed length control field | 220302b xxu||||| |||| 00| 0 eng d |
| 028 ## - PUBLISHER NUMBER | |
| Publisher number | 978-1-4166-3001-2 |
| 050 ## - LIBRARY OF CONGRESS CALL NUMBER | |
| Classification number | LB1072 |
| Item number | .B54 2021 |
| 100 ## - MAIN ENTRY--PERSONAL NAME | |
| Personal name | Benson,Jeffrey. |
| 245 ## - TITLE STATEMENT | |
| Title | Improve every lesson plan with SEL/ |
| Statement of responsibility, etc | Jeffrey Benson. |
| 260 ## - PUBLICATION, DISTRIBUTION, ETC. (IMPRINT) | |
| Place of publication, distribution, etc | Alexandria, Virginia: |
| Name of publisher, distributor, etc | ASCD |
| Date of publication, distribution, etc | c2021 |
| 300 ## - PHYSICAL DESCRIPTION | |
| Extent | 174 pp. |
| Dimensions | 23 cm. |
| Accompanying material | Includes bibliographical refences and index. |
| 500 ## - GENERAL NOTE | |
| General note | Affective education. |
| 500 ## - GENERAL NOTE | |
| General note | Social skills- Study and teaching. |
| 500 ## - GENERAL NOTE | |
| General note | Emotional intelligence. |
| 500 ## - GENERAL NOTE | |
| General note | Social learning. |
| 500 ## - GENERAL NOTE | |
| General note | Reflective learning. |
| 942 ## - ADDED ENTRY ELEMENTS (KOHA) | |
| Source of classification or shelving scheme | Library of Congress Classification |
| Koha item type | Books |
| Withdrawn status | Lost status | Source of classification or shelving scheme | Damaged status | Home library | Current library | Shelving location | Date acquired | Source of acquisition | Sub Shelving location | Total Checkouts | Full call number | Barcode | Date last seen | Price effective from | Koha item type |
|---|---|---|---|---|---|---|---|---|---|---|---|---|---|---|---|
| Library of Congress Classification | Luxembourg Library | Luxembourg Library | Genevive Ledesma - Tan Section | 03/02/2022 | Donation | LB1072 .B54 2021 | 20996 | 03/02/2022 | 03/02/2022 | Books |